Statistiken für Länder mit den meisten Achterbahnen

Klicken Sie hier um das Quiz zu spielen!

Allgemein

  • Dieses Quiz wurde 75 mal gespielt
  • Das Durchschnittsergebnis liegt bei 12 aus 15

Antwortstatistiken

PlatzLandAnzahl% Korrekt
1China1792
100%
3Deutschland280
100%
2Vereinigte Staaten905
100%
6Japan205
99%
4Frankreich222
96%
8Italien137
90%
7Russland190
90%
12Brasilien86
87%
5Vereinigtes Königreich211
83%
10Indien119
79%
15Polen73
75%
9Türkei132
75%
13Indonesien85
70%
11Saudi-Arabien100
59%
14Vietnam81
35%

Verteilung der Resultate

Perzentil nach korrekt beantworteten Fragen

Anzahl Personen mit jedem Resultat

Ihre Resultats-Entwicklung

Sie haben dieses Quiz noch nicht gespielt